000 00752nam a22002057a 4500
003 UA-OsUOA
001 43398
007 ta
008 20090624b un ||||| |||| 00| 0 ukr d
090 _a050
_bП68
942 _cMG
040 _aUA-OsUOA
_bukr
_cUA-OsUOA
_dUA-OsUOA
245 _aПравославний вісник
_b1981, Листопад №11
955 _a4
041 _aukr
080 _a050
246 3 1 _aВидання екзарха всієї України, митрополита київського і галицького
650 7 _a050 Серійні публікації. Періодика галузі, Організація та інші типи поєднання (співробітництва)
_2UDC
999 _c441874
_d441874